ON 45 1022 Závitové kalibry pro závitové spojení VP Rozměry

Bibliographic Details
Format: Book
Language:Undetermined
PhysicalDescription:3 s.
Published: Praha Český geologický úřad ÚGI [1968]

MARC

LEADER 00000nam a2200000 a 4500
001 vtls001270335
003 SK-MaSNL
005 20260224020305.0
008 210928s1968 xx 0 und
035 |a SNK000221410 
040 |a SNK  |b slo  |c SNK  |e AACR2 
245 1 |a ON 45 1022 Závitové kalibry pro závitové spojení VP  |b Rozměry 
260 |a Praha  |b Český geologický úřad ÚGI  |c [1968] 
300 |a 3 s. 
958 |a OND 
999 |c 799261  |d 801191 
952 |t P60, <04>, [BOOK], {604}  |a SNK  |b SNK  |y VYP  |7 0  |p 17A0026828  |o snkON 45 1022  |0 0  |1 0  |4 0  |d 1996-12-17  |l 0  |r 2005-01-01 00:00:00  |w 2026-02-24